zpět

Detail výsledku týmu

Kinokavárna, Hustopeče

Datum a čas kvízu

37 Celkem bodů Celkový počet nahraných bodů na tomto kvízu bez doplňovacích otázek.
1. Pořadí na kvízu Konečné umístění týmu na tomto kvízu.

Zaznamenané odpovědi

# Otázka Odpověď Body Výsledky
1. Předseda Nejvyššího soudu přij... Pavel Šámal 1
2. Jediná letadlová loď ruského n... Kuzněcov 1
3. Jak se jmenuje osobnost, která... Veronika Khek Kubařová 1
4. Společnost Walmart se omluvila... propagace užívání drog 1
5. Světová antidopingová agentura... o vyřazení ruských sportovců ze všech velkých soutěží (na 4 roky) 1
6. Podíváme se na hlášky z různýc... přilepšit si 1
7. "Šaty s ___ ___ vyšívané, ale... vlečkou stříbrem 1
8. Ty knedlíky připomínají vajíčk... karety obrovské 1
9. „Prase počká. Ty jsi přednější... Pandrholo 1
10. "Žvejka to je hrozný hnus, žve... Willy Wonka 1